000 00950nam a2200337Ia 4500
005 20260514124331.0
008 008 261405s9999 xx 000 0 eng d
037 _aThesis
040 _aCRL
040 _beng
040 _cCRL
041 _2eng
041 _aeng
084 _qCRL
100 _aVerma Dr. Puja
_91239389
245 0 _aComparison of a Single Step-2 Hour75 Gram Glucose Challenge Test in Non Fasting State with W.H.O. GTT and Glycosylated Haemoglobin for Diagnosis of Gestational Diabetes Mellitus.
260 _aDelhi
260 _bUniversity of Delhi
260 _c2015
300 _a75p.
502 _bPh.D.
502 _cUniversity of Delhi
502 _d2015
541 _oThesis
650 _aObstetrics & Gynecology
700 _aDr. Binita Goswami
_91239390
700 _aPikee Saxena
_91239391
710 _aObstetrics & Gynecology
_91239374
942 _cTH
999 _c1851680
_d1851680